chefs lieus des départements français - Statistiques

Statistiques générales
  • Ce quiz a été pris 2 147 fois
    2 125 depuis la dernière actualisation
  • Le résultat moyen est 68 sur 101
Statistiques - réponses
Hint Réponse % Correct
Bouches du Rhône Marseille
96%
Nord Lille
95%
Rhône Lyon
95%
Alpes maritimes Nice
95%
Gironde Bordeaux
94%
Paris Paris
94%
Bas Rhin Strasbourg
93%
Haute Garonne Toulouse
93%
Loire Atlantique Nantes
92%
Ille et Vilaine Rennes
92%
Corse du sud Ajaccio
91%
Hérault Montpellier
91%
Côte d'or Dijon
89%
Haute Corse Bastia
88%
Calvados Caen
85%
Isere Grenoble
85%
Vendée La Roche sur Yon
85%
Meurthe et Moselle Nancy
83%
Moselle Metz
82%
Seine Maritime Rouen
82%
Loire St Etienne
81%
Puy de Dôme Clermont Ferrand
80%
Loiret Orléans
80%
Finistère Quimper
80%
Var Toulon
80%
Territoire de Belfort Belfort
79%
Sarthe Le Mans
79%
Gard Nîmes
79%
La Réunion St Denis
79%
Pyrénées Orientales Perpignan
78%
Charente Maritime La Rochelle
77%
Pyrénées Atlantiques Pau
77%
Yvelines Versailles
76%
Somme Amiens
75%
Haute Savoie Annecy
75%
Indre et Loire Tours
75%
Maine et Loire Angers
73%
Haute Vienne Limoges
73%
Vienne Poitiers
73%
Haut Rhin Colmar
72%
Hautes Alpes Gap
72%
Doubs Besançon
71%
Vaucluse Avignon
70%
Aube Troyes
70%
Savoie Chambéry
69%
Morbihan Vannes
69%
Ain Bourg en bresse
68%
Aude Carcassonne
68%
Correze Tulle
68%
Drôme Valence
68%
Yonne Auxerre
67%
Pas de Calais Arras
65%
Martinique Fort de France
64%
Cher Bourges
63%
Guyane Cayenne
62%
Mayenne Laval
62%
Deux Sèvres Niort
61%
Côtes d'Armor St Brieuc
61%
Landes Mont de Marsan
60%
Manche St Lô
60%
Ardennes Charleville Mézières
59%
Allier Moulins
59%
Nièvre Nevers
59%
Dordogne Périgueux
59%
Charente Angoulême
57%
Oise Beauvais
57%
Eure et Loir Chartres
57%
Ariège Foix
57%
Aisne Laon
57%
Aveyron Rodez
57%
Cantal Aurillac
56%
Val de Marne Créteil
56%
Lot et Garonne Agen
55%
Tarn Albi
55%
Indre Châteauroux
55%
Vosges Epinal
55%
Essonne Evry
55%
Hauts de Seine Nanterre
55%
Ardeche Privas
55%
Hautes Pyrenées Tarbes
55%
Creuse Guéret
53%
Loir et Cher Blois
52%
Eure Evreux
52%
Orne Alençon
51%
Seine et Marne Melun
51%
Lozère Mende
51%
Gers Auch
50%
Saône et Loire Mâcon
50%
Lot Cahors
49%
Tarn et Garonne Montauban
49%
Seine Saint Denis Bobigny
48%
Jura Lons le Saunier
48%
Guadeloupe Basse Terre
47%
Marne Châlons en Champagne
47%
Alpes de Haute Provence Digne les bains
45%
Meuse Bar le Duc
43%
Val d'Oise Cergy
43%
Haute Loire Le Puy en Velay
42%
Haute Saône Vesoul
42%
Mayotte Mamoudzou
40%
Haute Marne Chaumont
37%
Aucun quiz correspondant
Distribution des résultats
% des personnes avec chaque résultat
Percentile par nombre de réponses
Votre historique - résultats
Vous n’avez pas pris ce quiz depuis la dernière actualisation